| 000 | 00605nam a22001817a 4500 | ||
|---|---|---|---|
| 003 | PILC | ||
| 005 | 20160308143019.0 | ||
| 008 | 160308b xxu||||| |||| 00| 0 eng d | ||
| 020 | _a9780865717305 | ||
| 050 |
_aHD 60 _b.F73 2013 |
||
| 100 | _aFrankel, Carl. | ||
| 245 |
_aThe art of social enterprise : _bbusiness as if people mattered / _cCarl Frankel and Allen Bromberger. |
||
| 260 |
_aCanada : _bNew Society Publishers, _c2013. |
||
| 300 |
_axii, 195 pages ; _c23 cm. |
||
| 500 | _aIncludes appendices, bibliographical references and index. | ||
| 650 | _aSocial entrepreneurship. | ||
| 942 |
_2lcc _cBK |
||
| 999 |
_c291483 _d291483 |
||